000 00350nam a2200145Ia 4500
008 230523s9999 xx 000 0 und d
082 _a306.09544 CHA
100 _aChaudhary, Swasti Mittal
245 0 _a50 Rajasthanis: Faces of the Community
260 _aJaipur
260 _bSpenta Multimedia
260 _c2012
300 _a211
942 _cDB
999 _c4585
_d4585